Equipe de France de football à la coupe du monde 1986 - Statistiques

Statistiques générales
  • Ce quiz a été pris 225 fois
  • Le résultat moyen est 12 sur 23
Statistiques - réponses
Hint Réponse % Correct
M Michel Platini
97%
M Alain Giresse
86%
G Joel Bats
86%
M Jean Tigana
82%
M Luis Fernandez
81%
D Manuel Amoros
80%
A Dominique Rocheteau
71%
A Jean-Pierre Papin
69%
D Maxime Bossis
66%
E Henri Michel
56%
A Bruno Bellone
53%
M Bernard Genghini
51%
A Yannick Stopyra
47%
D Yvon Le Roux
34%
G Albert Rust
31%
M Jean-Marc Ferreri
31%
D Thierry Tusseau
31%
G Philippe Bergeroo
30%
D William Ayache
30%
M Philippe Vercruysse
21%
A Daniel Xuereb
19%
D Michel Bibard
15%
D Patrick Battiston
7%
Aucun quiz correspondant
Distribution des résultats
% des personnes avec chaque résultat
Percentile par nombre de réponses
Votre historique - résultats
Vous n’avez pas pris ce quiz